[Event "Sharjah Blitz"]
[Site "Sharjah"]
[Date "2023.03.28"]
[Round "4"]
[White "De Ramos, Julius"]
[Black "Adly, Ahmed"]
[Result "0-1"]
[WhiteElo "2335"]
[BlackElo "2596"]
[PlyCount "96"]
[EventDate "2023.03.28"]
[EventType "swiss (blitz)"]
[EventRounds "9"]
[EventCountry "UAE"]
[SourceTitle "CBM 213 Extra"]
[Source "ChessBase"]
[SourceDate "2023.05.31"]
[SourceVersion "1"]
[SourceVersionDate "2023.05.31"]
[SourceQuality "1"]

1. c4 e6 2. g3 d5 3. Bg2 Nf6 4. Nf3 dxc4 5. Qa4+ Nbd7 6. Qxc4 a6 7. 0-0 b5 8. Qc2 Bb7 9. a4 Be7 10. d3 0-0 11. Bf4 c5 12. axb5 axb5 13. Nc3 Qb6 14. h3 Nd5 15. Nxd5 exd5 16. Ne5 Nf6 17. g4 Qe6 18. Nf3 Rfc8 19. b3 Nd7 20. e3 Bf6 21. Rxa8 Rxa8 22. Bg5 h6 23. Bxf6 Qxf6 24. Rc1 Ra1 25. Rxa1 Qxa1+ 26. Kh2 Qa3 27. Nd2 Qa1 28. b4 cxb4 29. Qc7 Qe5+ 30. Qxe5 Nxe5 31. d4 Nd3 32. Kg3 Nc1 33. Bf1 Bc6 34. Kf4 f6 35. f3 b3 36. e4 b2 37. Nb1 b4 38. Ke3 Na2 39. Bd3 Nc3 40. e5 Bb5 41. Bc2 Kf7 42. Kd2 Nxb1+ 43. Bxb1 fxe5 44. dxe5 g5 45. Ke3 b3 46. Kd4 Be2 47. Kxd5 Bd1 48. Kc4 Bc2 0-1

[Event "Sharjah Rapid"]
[Site "Sharjah"]
[Date "2023.03.27"]
[Round "8"]
[White "Eljanov, Pavel"]
[Black "De Ramos, Julius"]
[Result "1/2-1/2"]
[WhiteElo "2704"]
[BlackElo "2329"]
[PlyCount "62"]
[EventDate "2023.03.26"]
[EventType "swiss (rapid)"]
[EventRounds "9"]
[EventCountry "UAE"]
[SourceTitle "CBM 213 Extra"]
[Source "ChessBase"]
[SourceDate "2023.05.31"]
[SourceVersion "1"]
[SourceVersionDate "2023.05.31"]
[SourceQuality "1"]

1. c4 e6 2. Nc3 d5 3. d4 Nf6 4. cxd5 exd5 5. Bg5 Be7 6. e3 c6 7. Bd3 Nbd7 8. h3 Nf8 9. Bf4 Ng6 10. Bg3 Bd6 11. Nge2 0-0 12. h4 Bxg3 13. Nxg3 Re8 14. Bxg6 hxg6 15. Qd2 a5 16. h5 g5 17. f3 b5 18. Kf2 Ra7 19. Rae1 Rae7 20. a3 Qb6 21. b4 axb4 22. axb4 Ra7 23. e4 dxe4 24. Ngxe4 Nxe4+ 25. Nxe4 Be6 26. h6 Ra2 27. Nf6+ gxf6 28. Qxa2 Qxd4+ 29. Kg3 Qf4+ 30. Kf2 Qd4+ 31. Kg3 Qf4+ 1/2-1/2

[Event "Dubai op 15th"]
[Site "Dubai"]
[Date "2013.04.08"]
[Round "2"]
[White "Burmakin, Vladimir"]
[Black "De Ramos, Julius"]
[Result "1-0"]
[WhiteElo "2580"]
[BlackElo "2350"]
[PlyCount "184"]
[EventDate "2013.04.07"]
[EventType "swiss"]
[EventRounds "9"]
[EventCountry "UAE"]
[SourceTitle "CBM 153 Extra"]
[Source "ChessBase"]
[SourceDate "2013.04.22"]
[SourceVersion "1"]
[SourceVersionDate "2013.04.22"]
[SourceQuality "1"]

1. Nf3 Nf6 2. c4 e6 3. g3 d5 4. Bg2 a6 5. b3 Be7 6. Bb2 0-0 7. 0-0 b6 8. cxd5 exd5 9. d4 Bb7 10. Nc3 Nbd7 11. Rc1 Bd6 12. e3 Re8 13. Ne2 c5 14. Nf4 Rc8 15. Nh4 Bf8 16. Nd3 Ne4 17. dxc5 Ndxc5 18. Nf3 a5 19. Nxc5 bxc5 20. Nd2 Ba6 21. Re1 Bd3 22. Bf1 Bxf1 23. Rxf1 Qd7 24. Nxe4 Rxe4 25. Qd3 Ree8 26. Rfd1 Red8 27. e4 d4 28. Rc4 Rc6 29. Ba3 Qh3 30. f3 h5 31. Qe2 g6 32. Bc1 Qe6 33. Bd2 d3 34. Qf1 a4 35. Bg5 axb3 36. axb3 f6 37. Be3 Rcd6 38. Bxc5 R6d7 39. Bxf8 Kxf8 40. Kg2 d2 41. Rc3 Kg7 42. Qc4 Qb6 43. b4 Rd4 44. Qc7+ Qxc7 45. Rxc7+ R8d7 46. Rxd7+ Rxd7 47. Kf2 Rd4 48. b5 Rb4 49. Rxd2 Rxb5 50. Rd7+ Kg8 51. h4 Rb3 52. Ke2 Ra3 53. Rd3 Ra7 54. Ke3 Kg7 55. Kf4 Rb7 56. Rd6 Re7 57. g4 hxg4 58. fxg4 Kf7 59. g5 fxg5+ 60. hxg5 Ra7 61. Ke5 Ra5+ 62. Rd5 Ra7 63. Rc5 Re7+ 64. Kd4 Rd7+ 65. Rd5 Ra7 66. Rd6 Ra4+ 67. Ke5 Ra5+ 68. Kf4 Ra7 69. Rb6 Ra5 70. Rb7+ Kf8 71. Rd7 Rb5 72. e5 Rb4+ 73. Kf3 Ra4 74. Rc7 Rb4 75. Rc6 Kg7 76. Ra6 Rc4 77. e6 Kf8 78. Ra7 Rc5 79. Rf7+ Ke8 80. Kf4 Ra5 81. Rg7 Rb5 82. Rxg6 Ke7 83. Rf6 Rb1 84. Kf5 Rb5+ 85. Kg6 Re5 86. Kh6 Ra5 87. Rf3 Kxe6 88. g6 Ra1 89. g7 Rh1+ 90. Kg6 Rg1+ 91. Kh7 Rh1+ 92. Kg8 Ke7 1-0

[Event "Manila PSC Cup"]
[Site "Manila"]
[Date "2013.01.16"]
[Round "4"]
[White "Montoya, Edsel"]
[Black "De Ramos, Julius"]
[Result "1-0"]
[WhiteElo "2096"]
[BlackElo "2350"]
[PlyCount "200"]
[EventDate "2013.01.14"]
[EventType "swiss"]
[EventRounds "9"]
[EventCountry "PHI"]
[SourceTitle "CBM 152 Extra"]
[Source "ChessBase"]
[SourceDate "2013.02.25"]
[SourceVersion "1"]
[SourceVersionDate "2013.02.25"]
[SourceQuality "1"]

1. d4 d5 2. Nf3 Nf6 3. c4 e6 4. Qc2 Be7 5. Nc3 0-0 6. Bg5 h6 7. Bxf6 Bxf6 8. e3 b6 9. Be2 Bb7 10. cxd5 exd5 11. 0-0 a6 12. Bd3 Nc6 13. a3 Qd6 14. b4 Ne7 15. Rac1 Rac8 16. Qb3 Rfd8 17. Rfd1 g6 18. h3 Bg7 19. a4 Qe6 20. a5 b5 21. Qb2 Nc6 22. Rc2 Bf8 23. Na2 Bd6 24. Rdc1 Ne7 25. Rc3 Ra8 26. Qc2 Qf6 27. Ne5 Bc8 28. f4 Nf5 29. Qf2 Qh4 30. Qxh4 Nxh4 31. g4 Re8 32. Kf2 Re7 33. Rb3 Bb7 34. Re1 Kg7 35. Bf1 Rae8 36. Nc1 g5 37. f5 h5 38. Ncd3 f6 39. Nf3 Nxf3 40. Kxf3 hxg4+ 41. hxg4 Rh8 42. Bg2 Kf8 43. Rc3 Rh4 44. Rh1 Rxh1 45. Bxh1 Rh7 46. Bg2 Rh4 47. Nc5 Bc8 48. Rc1 Ke7 49. Re1 Bxc5 50. dxc5 Bd7 51. Kg3 c6 52. e4 dxe4 53. Rxe4+ Kd8 54. Rd4 Kc7 55. Rd6 Rh6 56. Bf3 Be8 57. Re6 Bd7 58. Rd6 Be8 59. Be4 Bd7 60. Bc2 Be8 61. Bb3 Kc8 62. Rd1 Rh8 63. Re1 Kd8 64. Ba2 Rh6 65. Re6 Bd7 66. Rd6 Kc7 67. Bf7 Rh8 68. Be6 Be8 69. Bb3 Rh6 70. Rd1 Kc8 71. Ba2 Kc7 72. Re1 Kd8 73. Re6 Bd7 74. Rd6 Kc7 75. Bf7 Rh8 76. Kg2 Rf8 77. Bb3 Be8 78. Re6 Kd8 79. Bd1 Bd7 80. Rd6 Kc7 81. Bb3 Be8 82. Rd1 Rh8 83. Kg3 Kc8 84. Be6+ Kc7 85. Re1 Kd8 86. Kg2 Rh4 87. Kg3 Rh8 88. Ra1 Kc7 89. Rd1 Rh6 90. Re1 Kd8 91. Bc8 Rh8 92. Bxa6 Bd7 93. Bb7 Re8 94. Rd1 Kc7 95. a6 Re3+ 96. Kf2 Re4 97. Rxd7+ Kxd7 98. a7 Re8 99. a8Q Rxa8 100. Bxa8 Kc7 1-0

[Event "Manila Pichay Cup 6th"]
[Site "Manila"]
[Date "2010.08.21"]
[Round "1"]
[White "De Ramos, Julius"]
[Black "Polao, Ben"]
[Result "1-0"]
[WhiteElo "2368"]
[BlackElo "2063"]
[PlyCount "67"]
[EventDate "2010.08.21"]
[EventType "swiss"]
[EventRounds "9"]
[EventCountry "PHI"]
[SourceTitle "CBM 138 Extra"]
[Source "ChessBase"]
[SourceDate "2010.10.29"]
[SourceVersion "1"]
[SourceVersionDate "2010.10.29"]
[SourceQuality "1"]

1. c4 e5 2. Nc3 f5 3. g3 Nf6 4. Bg2 Be7 5. d3 d6 6. f4 c6 7. e3 Nbd7 8. Nge2 0-0 9. 0-0 Kh8 10. Qc2 Ng4 11. h3 Nh6 12. Bd2 a5 13. Rae1 Nc5 14. d4 Nd7 15. fxe5 dxe5 16. Kh2 Bd6 17. e4 exd4 18. Bxh6 dxc3 19. Bf4 Bxf4 20. Nxf4 Nc5 21. Qxc3 Nxe4 22. Bxe4 fxe4 23. Nh5 Rg8 24. Rxe4 Qg5 25. Re5 Qg6 26. h4 h6 27. Nf4 Qf6 28. h5 Bf5 29. Rxf5 Qxf5 30. Ng6+ Qxg6 31. hxg6 b5 32. Rf7 b4 33. Qd4 Rad8 34. Rxg7 1-0

[Event "Asian Continental op 09th"]
[Site "Olongapo City"]
[Date "2010.04.26"]
[Round "6"]
[White "Turqueza, Mari Joseph"]
[Black "De Ramos, Julius"]
[Result "1/2-1/2"]
[WhiteElo "2087"]
[BlackElo "2314"]
[PlyCount "100"]
[EventDate "2010.04.21"]
[EventType "swiss"]
[EventRounds "9"]
[EventCountry "PHI"]
[SourceTitle "CBM 136 Extra"]
[Source "ChessBase"]
[SourceDate "2010.07.02"]
[SourceVersion "2"]
[SourceVersionDate "2010.07.15"]
[SourceQuality "1"]

1. d4 Nf6 2. c4 e6 3. Nf3 d5 4. g3 Be7 5. Bg2 0-0 6. 0-0 dxc4 7. Qc2 a6 8. Qxc4 b5 9. Qc2 Bb7 10. Bd2 Be4 11. Qc1 Bb7 12. Bf4 Nd5 13. Nc3 Nxf4 14. Qxf4 Nd7 15. Rfd1 Bd6 16. Qh4 Be7 17. Qf4 Ra7 18. Rac1 Qa8 19. a3 c5 20. dxc5 Nxc5 21. b4 Ne4 22. Rd7 Nxc3 23. Rxc3 Bd8 24. Qe3 a5 25. Ne5 axb4 26. Nxf7 Bxg2 27. Rxa7 bxc3 28. Rxa8 Bxa8 29. Nxd8 Rxd8 30. f3 c2 31. Kf2 Bd5 32. Qc3 Bb3 33. h4 h6 34. h5 Kh8 35. g4 Rd1 36. Qc8+ Kh7 37. g5 hxg5 38. Qe8 e5 39. Qg6+ Kh8 40. h6 Rf1+ 41. Kg2 Rg1+ 42. Kf2 gxh6 43. Qxh6+ Kg8 44. Qg6+ Kh8 45. Qe8+ Kh7 46. Qd7+ Kh6 47. Qc6+ Kh5 48. Kxg1 Bc4 49. Qe8+ Kh6 50. Qf8+ Kh5 1/2-1/2

[Event "Asian Continental op 09th"]
[Site "Olongapo City"]
[Date "2010.04.22"]
[Round "2"]
[White "Harika, Dronavalli"]
[Black "De Ramos, Julius"]
[Result "1/2-1/2"]
[WhiteElo "2473"]
[BlackElo "2314"]
[PlyCount "46"]
[EventDate "2010.04.21"]
[EventType "swiss"]
[EventRounds "9"]
[EventCountry "PHI"]
[SourceTitle "CBM 136 Extra"]
[Source "ChessBase"]
[SourceDate "2010.07.02"]
[SourceVersion "2"]
[SourceVersionDate "2010.07.15"]
[SourceQuality "1"]

1. Nf3 Nf6 2. c4 e6 3. g3 d5 4. d4 Be7 5. Bg2 0-0 6. 0-0 dxc4 7. Qc2 a6 8. Qxc4 b5 9. Qc2 Bb7 10. Bf4 Bd6 11. Nbd2 Nbd7 12. Rfd1 Qe7 13. Bg5 c5 14. dxc5 Bxc5 15. Nb3 Bb6 16. e3 Rac8 17. Qe2 h6 18. Bxf6 Nxf6 19. Nfd4 Rfd8 20. Rac1 Ne4 21. Qg4 Nf6 22. Qe2 Ne4 23. Qg4 Nf6 1/2-1/2

[Event "Kuala Lumpur op 3rd"]
[Site "Kuala Lumpur"]
[Date "2010.04.08"]
[Round "3"]
[White "De Ramos, Julius"]
[Black "Bui, Vinh"]
[Result "1-0"]
[WhiteElo "2314"]
[BlackElo "2480"]
[PlyCount "97"]
[EventDate "2010.04.07"]
[EventType "swiss"]
[EventRounds "9"]
[EventCountry "MAS"]
[SourceTitle "CBM 135 Extra"]
[Source "ChessBase"]
[SourceDate "2010.05.04"]
[SourceVersion "1"]
[SourceVersionDate "2010.05.04"]
[SourceQuality "1"]

1. c4 c6 2. Nf3 d5 3. g3 Nf6 4. Bg2 g6 5. b3 Bg7 6. Bb2 0-0 7. 0-0 a5 8. d3 a4 9. Na3 Na6 10. Nc2 Qb6 11. Rb1 axb3 12. axb3 Rd8 13. Bd4 c5 14. Bc3 Qc7 15. Qc1 Bg4 16. h3 Bc8 17. Be5 Qb6 18. Qb2 Nb4 19. Nxb4 Qxb4 20. cxd5 Rxd5 21. Rfc1 Qb5 22. Ng5 Rd7 23. g4 Rd8 24. Ne4 Nxe4 25. Bxg7 Nd6 26. Bh6 f6 27. Be3 Be6 28. Rxc5 Qd7 29. Rbc1 Rdc8 30. d4 Ra6 31. Rxc8+ Nxc8 32. d5 Bf7 33. Bf4 g5 34. Bg3 Nd6 35. e4 Bg6 36. Qd4 h6 37. e5 fxe5 38. Bxe5 Qe8 39. Qe3 Qd7 40. Bb2 Ne8 41. Re1 Kf7 42. Bd4 b5 43. Qf3+ Kg8 44. Bc5 Nd6 45. Re6 Bf7 46. Rxh6 Kg7 47. Qc3+ Kf8 48. Qh8+ Bg8 49. Rg6 1-0

[Event "Sydney op-A"]
[Site "Parramatta"]
[Date "2008.03.28"]
[Round "6"]
[White "Hu, Jason"]
[Black "De Ramos, Julius"]
[Result "0-1"]
[WhiteElo "2120"]
[BlackElo "2256"]
[PlyCount "94"]
[EventDate "2008.03.25"]
[EventType "swiss"]
[EventRounds "9"]
[EventCountry "AUS"]
[SourceTitle "EXT 2023"]
[Source "ChessBase"]
[SourceDate "2022.10.05"]
[SourceVersion "1"]
[SourceVersionDate "2022.10.05"]
[SourceQuality "1"]

1. c4 e6 2. Nf3 Nf6 3. g3 d5 4. Bg2 Be7 5. 0-0 0-0 6. cxd5 exd5 7. d4 c6 8. Nc3 Bf5 9. Nh4 Bc8 10. Qd3 Re8 11. Re1 Na6 12. a3 Nc7 13. Bd2 g6 14. e4 dxe4 15. Nxe4 Nxe4 16. Rxe4 Be6 17. Rae1 Bd5 18. Rg4 Bf6 19. Rxe8+ Nxe8 20. Nf5 Be6 21. Nh6+ Kg7 22. Nf5+ Kh8 23. Nh6 Nd6 24. Rf4 Bg5 25. d5 cxd5 26. Rb4 a5 27. Rb6 Bxh6 28. Rxd6 Qxd6 29. Bxh6 f6 30. Bf4 Qd7 31. Qd4 Kg7 32. h4 Rc8 33. h5 gxh5 34. Bh6+ Kg6 35. Bf3 Rc4 36. Qd2 Bf5 37. Be3 d4 38. Qe2 Qe6 39. Bxh5+ Kg7 40. g4 dxe3 41. gxf5 exf2+ 42. Qxf2 Rc1+ 43. Kg2 Qe4+ 44. Bf3 Qxf5 45. Qb6 Rc2+ 46. Kg3 Qe5+ 47. Kg4 h5+ 0-1

[Event "Sydney op-A"]
[Site "Parramatta"]
[Date "2008.03.27"]
[Round "5"]
[White "De Ramos, Julius"]
[Black "Akobian, Varuzhan"]
[Result "0-1"]
[WhiteElo "2256"]
[BlackElo "2599"]
[PlyCount "96"]
[EventDate "2008.03.25"]
[EventType "swiss"]
[EventRounds "9"]
[EventCountry "AUS"]
[SourceTitle "CBM 123 Extra"]
[Source "ChessBase"]
[SourceDate "2008.05.06"]
[SourceVersion "1"]
[SourceVersionDate "2008.05.06"]
[SourceQuality "1"]

1. c4 e6 2. Nc3 d5 3. e3 Nf6 4. Nf3 c5 5. d4 a6 6. a3 Nc6 7. dxc5 Bxc5 8. b4 Bd6 9. Bb2 a5 10. b5 Ne5 11. Nd2 0-0 12. Be2 Qe7 13. 0-0 Rd8 14. Qb3 b6 15. Na4 Ned7 16. cxd5 Nxd5 17. Nc4 Nc5 18. Qc2 Nxa4 19. Qxa4 Bc5 20. Ne5 Bb7 21. Bf3 Rac8 22. Rfd1 Bd6 23. Nc6 Bxc6 24. bxc6 Qc7 25. g3 Qxc6 26. Qxc6 Rxc6 27. Bxd5 exd5 28. Rxd5 f6 29. Rad1 Kf7 30. e4 Ke8 31. e5 Be7 32. exf6 Rxd5 33. Rxd5 Bxf6 34. Bxf6 Rxf6 35. a4 Ke7 36. Kg2 Rd6 37. Rb5 Kd7 38. h4 Kc6 39. Rg5 g6 40. Kf3 Rd5 41. Ke4 Rc5 42. Rxc5+ Kxc5 43. g4 b5 44. axb5 a4 45. Kd3 Kxb5 46. h5 g5 47. f4 a3 48. Kc2 a2 0-1

[Event "Phu Quoc zt 3.3"]
[Site "Phu Quoc"]
[Date "2007.01.11"]
[Round "2"]
[White "De Ramos, Julius"]
[Black "Bui, Vinh"]
[Result "0-1"]
[WhiteElo "2211"]
[BlackElo "2485"]
[PlyCount "112"]
[EventDate "2007.01.11"]
[EventType "swiss"]
[EventRounds "9"]
[EventCountry "VIE"]
[SourceTitle "CBM 116 Extra"]
[Source "ChessBase"]
[SourceDate "2007.03.07"]
[SourceVersion "1"]
[SourceVersionDate "2007.03.07"]
[SourceQuality "1"]

1. c4 e5 2. Nc3 Bb4 3. Nd5 Be7 4. d4 d6 5. e4 Nf6 6. Nxe7 Qxe7 7. f3 0-0 8. Ne2 Nh5 9. Be3 exd4 10. Qxd4 f5 11. exf5 Rxf5 12. 0-0-0 Nc6 13. Qd2 Rf7 14. Nc3 Be6 15. Be2 a6 16. g4 Nf6 17. g5 Nd7 18. Nd5 Bxd5 19. cxd5 Nb4 20. g6 hxg6 21. Bg5 Qe5 22. f4 Qe4 23. b3 Nc5 24. Bc4 b5 25. Rhe1 Qf5 26. Qxb4 bxc4 27. Qxc4 a5 28. Re3 Rb8 29. Rde1 Kh7 30. Qc2 a4 31. Qxf5 Rxf5 32. Kc2 axb3+ 33. axb3 Rxd5 34. Rh3+ Kg8 35. Re7 c6 36. b4 Na6 37. Bf6 gxf6 38. Rhh7 Rh5 39. Reg7+ Kf8 40. Rf7+ Ke8 41. Re7+ Kd8 42. Rhg7 Rxh2+ 43. Kc3 Rh3+ 44. Kd2 Rh8 45. Ra7 Rb6 46. Rxg6 Rf8 47. Rgg7 Kc8 48. Kc3 Kb8 49. Rad7 d5 50. Rd6 Nxb4 51. f5 Na6 52. Kd4 Rb4+ 53. Kc3 Rb7 54. Rg6 Kc7 55. Rdxf6 Rxf6 56. Rxf6 Nc5 0-1

[Event "Manila PGMA Cup 1st"]
[Site "Manila"]
[Date "2006.11.18"]
[Round "3"]
[White "De Ramos, Julius"]
[Black "Mariano, Nelson"]
[Result "1/2-1/2"]
[WhiteElo "2211"]
[BlackElo "2418"]
[PlyCount "32"]
[EventDate "2006.11.17"]
[EventType "swiss"]
[EventRounds "9"]
[EventCountry "PHI"]
[SourceTitle "CBM 115 Extra"]
[Source "ChessBase"]
[SourceDate "2007.01.10"]
[SourceVersion "1"]
[SourceVersionDate "2007.01.10"]
[SourceQuality "1"]

1. c4 Nf6 2. Nc3 e6 3. e4 d6 4. g3 c5 5. Bg2 Be7 6. Nge2 0-0 7. 0-0 a6 8. d3 Bd7 9. h3 Bc6 10. f4 b5 11. Qc2 Ne8 12. Be3 Nc7 13. Rad1 Qc8 14. b3 Rd8 15. Kh2 Nd7 16. Rfe1 Rb8 1/2-1/2